Tribhuvan University Central Library

Kehi sahityika byaktitwa krititwa 1: (Record no. 106315)

MARC details
000 -LEADER
fixed length control field 00425nam a22001457a 4500
008 - FIXED-LENGTH DATA ELEMENTS--GENERAL INFORMATION
fixed length control field 230103b |||||||| |||| 00| 0 eng d
082 ## - DEWEY DECIMAL CLASSIFICATION NUMBER
Classification number N895.51/N754k
100 ## - MAIN ENTRY--PERSONAL NAME
Personal name Nyaupane, Chandraprasad
245 ## - TITLE STATEMENT
Title Kehi sahityika byaktitwa krititwa 1:
260 ## - PUBLICATION, DISTRIBUTION, ETC.
Place of publication, distribution, etc. Sindhupalchok:
Name of publisher, distributor, etc. Chandraprasad Nyaupane,
Date of publication, distribution, etc. 2056 BS.
300 ## - PHYSICAL DESCRIPTION
Other physical details 102 p.
650 ## - SUBJECT ADDED ENTRY--TOPICAL TERM
Topical term or geographic name entry element Nepali literature
650 ## - SUBJECT ADDED ENTRY--TOPICAL TERM
Topical term or geographic name entry element Nepali literature criticism
942 ## - ADDED ENTRY ELEMENTS (KOHA)
Source of classification or shelving scheme Dewey Decimal Classification
Koha item type General Collections
Holdings
Withdrawn status Lost status Source of classification or shelving scheme Damaged status Not for loan Home library Current library Shelving location Date acquired Total Checkouts Full call number Barcode Date last seen Price effective from Koha item type
    Dewey Decimal Classification     Tribhuvan University Central Library Tribhuvan University Central Library New Building 01/03/2023   N895.51/N754k 150642 01/03/2023 01/03/2023 General Collections